000 00241nam a2200097Ia 4500
001 796390
005 20250826170746.0
008 250824s9999 xx 000 0 und d
245 0 _aASIM VE BİZ
_cDURAN ÇETİN
260 _bATLI KARINCA YAYINLARI
999 _c796390
_d796390